Statystyki dla FILMY Z CEZARYM PAZURĄ:

Kliknij tutaj aby rozwiązać quiz!

Ogólne statystyki

  • Ten quiz został rozwiązany 183 razy
  • Średni wynik to 3 z 5

Statystyki odpowiedzi

HintOdpowiedź% Poprawnych
1.KILER
89%
2.CHŁOPAKI NIE PŁACZĄ
74%
3.PSY
60%
4.NIC ŚMIESZNEGO
46%
5.KARIERA NIKOSIA DYZMY
41%

Rozkład punktacji

Percentyl według liczby udzielonych odpowiedzi

Procent ludzi z każdym wynikiem

Twoja historia wyników

Nie rozwiązałeś tego quizu